Statystyki dla Największe miasta w Polsce nie będące stolicami województw

Kliknij tutaj aby rozwiązać quiz!

Ogólne statystyki

  • Ten quiz został rozwiązany 254 razy
  • Średni wynik to 8 z 12

Statystyki odpowiedzi

Liczba ludnościMiasto% Poprawnych
246 306Gdynia
93%
214 566Radom
83%
224 376Częstochowa
81%
204 013Sosnowiec
79%
181 309Gliwice
74%
174 349Zabrze
73%
168 394Bytom
62%
171 505Bielsko-Biała
58%
121 121Dąbrowa Górnicza
52%
128 211Tychy
51%
139 129Rybnik
50%
138 578Ruda Śląska
46%

Rozkład punktacji

Percentyl według liczby udzielonych odpowiedzi

Procent ludzi z każdym wynikiem

Twoja historia wyników

Nie rozwiązałeś tego quizu